| 000 | 00371nam a2200133Ia 4500 | ||
|---|---|---|---|
| 008 | 230312s9999||||xx |||||||||||||| ||und|| | ||
| 082 |
_a891.4 _bRIZ-T |
||
| 100 | _aحکیم رضوان حفیظ ملک | ||
| 245 | 0 | _aطبی فارما کو پیا(یونانی) | |
| 260 |
_bندیم یونس لاھور _apak _c2013 |
||
| 300 | _a307 | ||
| 650 | _aLiterature | ||
| 942 | _cBK | ||
| 999 |
_c15007 _d15007 |
||